| 000 | 00365nam a2200133Ia 4500 | ||
|---|---|---|---|
| 008 | 220217s9999||||xx |||||||||||||| ||und|| | ||
| 020 | _a81-7808-454-6 | ||
| 082 | _a005.43 PAJ | ||
| 100 |
_aPajari, George _92109 |
||
| 245 | 0 | _aWriting unix device drivers | |
| 260 |
_aPearson education asia _bNew Delhi _c2001 |
||
| 300 | _b250 | ||
| 650 | _aOperating systems | ||
| 999 |
_c170090 _d170090 |
||